Company Law (Record no. 9581)

MARC details
000 -LEADER
fixed length control field 00372nam a22001577a 4500
005 - DATE AND TIME OF LATEST TRANSACTION
control field 20260402113047.0
008 - FIXED-LENGTH DATA ELEMENTS--GENERAL INFORMATION
fixed length control field 260402b |||||||| |||| 00| 0 eng d
041 ## - LANGUAGE CODE
Language English
082 ## - DEWEY DECIMAL CLASSIFICATION NUMBER
Classification number 346.066 GAR
100 ## - MAIN ENTRY--PERSONAL NAME
Main Author Name Gara, Ajay Kumar
245 ## - TITLE STATEMENT
Title Company Law
260 ## - PUBLICATION, DISTRIBUTION, ETC.
Place of publication New Delhi:
publisher Name Nabhi Publication,
Date of publication 2016.
300 ## - PHYSICAL DESCRIPTION
Number Of Page 413 p
650 ## - SUBJECT ADDED ENTRY--TOPICAL TERM
Subject Company Law
942 ## - ADDED ENTRY ELEMENTS (KOHA)
Koha item type Donated Book
Holdings
Lost status Source of classification or shelving scheme Not for loan Home library Current library Date last seen Koha item type School Total Checkouts Full call number Barcode Copy number Price effective from Withdrawn status Date acquired Source of acquisition Cost, normal purchase price
  Dewey Decimal Classification   BSOL BSOL 02/04/2026 Donated Book School of Law   346.066 GAR G729 1 02/04/2026   02/04/2026 prithivi Raj 220.00

Maintained and Designed by
2cqr automation private limited, Chennai. All Rights Reserved.

You are Visitor Number

PHP Hits Count